000 00643pam a2200217 a 4500
008
020 _a0673186830 (hbk.)
049 _aMAIN
090 _aQP34.5
_bDEW
100 1 _aDeWitt, William.
245 1 0 _aHuman biology :
_bform, function, and adaptation /
_cWilliam DeWitt.
260 _aGlenview :
_bScott, Foresman,
_cc1989.
300 _a605 p., 16 p. of plates :
_bill. (some col.) ;
_c29 cm.
500 _aIncludes index.
650 0 _aHuman biology.
907 _a.b10326947
_b16-04-13
_c14-02-13
003
005 20230120204116.0
040 _cNUST
942 _cBOOKS
_kQP34.5
_mDEW
999 _c117275
_d117275